Sustainable development and india: (Record no. 162734)

MARC details
000 -LEADER
fixed length control field 00747nam a22002057a 4500
005 - DATE AND TIME OF LATEST TRANSACTION
control field 20190320114550.0
010 ## - LCCN (DPL NO)
LC control number ENG-124902
020 ## - INTERNATIONAL STANDARD BOOK NUMBER
International Standard Book Number 9780199474622
Terms of availability 895.00
035 ## - SYSTEM CONTROL NUMBER
System control number EN-108434
037 ## - SOURCE OF ACQUISITION
Source of stock number/acquisition DBAD/PUB.
082 ## - DEWEY DECIMAL CLASSIFICATION NUMBER
Classification number 338.954
245 ## - TITLE STATEMENT
Title Sustainable development and india:
Statement of responsibility, etc ed. by Bimal N. Patel [and] Ranita Nagar
Remainder of title convergence of law, economics, science, and politics/
260 ## - PUBLICATION, DISTRIBUTION, ETC. (IMPRINT)
Place of publication, distribution, etc New Delhi
Name of publisher, distributor, etc Oxford University Press
Date of publication, distribution, etc 2018
270 ## - ADDRESS
Address 2/11 Ground Floor, Ansari Road, Daryaganj,
City New Delhi
Postal code 110002
300 v# - PHYSICAL DESCRIPTION
Extent xxv,333p.
Dimensions 22cm.(Hb)
Other physical details ill.
500 ## - GENERAL NOTE
General note It includes bibliography, index and about the author.
700 ## - ADDED ENTRY--PERSONAL NAME
Personal name Patel, Bimal N.
700 ## - ADDED ENTRY--PERSONAL NAME
Personal name Nagar, Ranita
942 ## - ADDED ENTRY ELEMENTS (KOHA)
Source of classification or shelving scheme Dewey Decimal Classification
Item type English Books
Call number suffix SUS
Classification part 338.954
Holdings
Withdrawn status Lost status Not for loan Collection code Home library Current library Date acquired Source of acquisition Cost, normal purchase price Full call number Barcode Copy number Cost, replacement price Koha item type
    Not For Loan Non-fiction D.B.Act.Division Patel Nagar 20/03/2019 DBAD/PUB 895.00 338.954 SUS EN-108434 1 895.00 English Books

© Delhi Public Library
Hit Counter
free hit counter